[Event "4NCL Division 2a"]
[Site "Birmingham, ENG"]
[Date "2016.03.19"]
[Round "7.242"]
[White "Cumbers, Paul"]
[Black "Guthrie, David"]
[Result "1/2-1/2"]
[WhiteElo "2184"]
[BlackElo "2189"]
[PlyCount "45"]
[EventDate "2016.03.19"]
[WhiteTeam "Grantham Sharks 2"]
[BlackTeam "Kings Head"]

1. d4 Nf6 2. c4 e6 3. Nc3 Bb4 4. f3 c5 5. d5 O-O 6. e4 d6 7. Nge2 a6 8. Bd2 Re8
9. Ng3 b5 10. Be2 Nbd7 11. dxe6 fxe6 12. cxb5 d5 13. bxa6 Bxa6 14. Bxa6 Rxa6
15. O-O Ne5 16. Bf4 Bxc3 17. bxc3 Nc4 18. Qe2 Ra3 19. Bg5 Rxc3 20. Rac1 Rxc1
21. Rxc1 Qb8 22. Bxf6 gxf6 23. Qd3 1/2-1/2

[Event "4NCL Division 2a"]
[Site "Birmingham, ENG"]
[Date "2016.03.19"]
[Round "7.243"]
[White "Lewis, Alex"]
[Black "Tavares, Shawn P"]
[Result "1-0"]
[WhiteElo "2167"]
[BlackElo "2156"]
[PlyCount "141"]
[EventDate "2016.03.19"]
[WhiteTeam "Kings Head"]
[BlackTeam "Grantham Sharks 2"]

1. e4 c5 2. Nf3 e6 3. d3 d5 4. Nbd2 Nc6 5. g3 Nf6 6. Bg2 Be7 7. O-O O-O 8. e5
Ng4 9. Re1 f6 10. exf6 Bxf6 11. h3 Nge5 12. Nxe5 Bxe5 13. c3 Bc7 14. Nf3 e5 15.
Be3 Qd6 16. d4 cxd4 17. cxd4 e4 18. Ne5 Nxe5 19. dxe5 Qe6 20. Qb3 Bd7 21. Rad1
Bc6 22. Bxe4 Rad8 23. Bg2 Kh8 24. Bd4 Rf5 25. h4 Qe8 26. Qc3 Bb6 27. Bh3 Bxd4
28. Qxd4 Rf3 29. Bg4 Rf8 30. h5 Qe7 31. f4 a6 32. h6 g6 33. e6+ Kg8 34. Re5 Rf6
35. Rde1 Re8 36. Rg5 Kf8 37. f5 Kg8 38. Bh5 Ref8 39. fxg6 hxg6 40. Bxg6 Kh8 41.
Rf1 Qc5 42. Qxc5 Rxf1+ 43. Kg2 d4+ 44. Qxc6 bxc6 45. e7 R8f2+ 46. Kh3 Re2 47.
e8=Q+ Rxe8 48. Bxe8 d3 49. Bxc6 d2 50. Ba4 d1=Q 51. Bxd1 Rxd1 52. Rg6 Rd2 53.
Rxa6 Rxb2 54. Ra7 Rb6 55. h7 Rb7 56. Ra6 Kxh7 57. g4 Kg7 58. g5 Rb4 59. Kg3 Kf7
60. Kf3 Rc4 61. Ke3 Rg4 62. g6+ Kg7 63. Kd3 Rb4 64. Kc3 Rb1 65. a4 Kh6 66. a5
Kg7 67. Kc4 Rb2 68. Rc6 Rb1 69. a6 Rb2 70. Kc5 Rb1 71. a7 1-0

[Event "4NCL Division 2a"]
[Site "Birmingham, ENG"]
[Date "2016.03.19"]
[Round "7.244"]
[White "Mcgowan, Daniel"]
[Black "Mackenzie, Colin"]
[Result "1/2-1/2"]
[WhiteElo "2152"]
[BlackElo "2047"]
[PlyCount "47"]
[EventDate "2016.03.19"]
[WhiteTeam "Grantham Sharks 2"]
[BlackTeam "Kings Head"]

1. e4 e6 2. d4 d5 3. Bd3 dxe4 4. Bxe4 Nf6 5. Bf3 c5 6. Ne2 Nc6 7. c3 e5 8.
Bxc6+ bxc6 9. O-O exd4 10. cxd4 Be7 11. Nbc3 O-O 12. Qa4 Bd7 13. dxc5 Bxc5 14.
Bg5 h6 15. Bh4 g5 16. Bg3 Re8 17. Rad1 Qb6 18. Qc2 Bf8 19. Nd4 Rad8 20. Qb3 c5
21. Qxb6 axb6 22. Nc2 b5 23. Ne3 Bc6 24. Rxd8 1/2-1/2

[Event "4NCL Division 2a"]
[Site "Birmingham, ENG"]
[Date "2016.03.19"]
[Round "7.245"]
[White "Davey, Mark"]
[Black "Birtwistle, Nigel"]
[Result "0-1"]
[WhiteElo "2046"]
[BlackElo "2122"]
[PlyCount "50"]
[EventDate "2016.03.19"]
[WhiteTeam "Kings Head"]
[BlackTeam "Grantham Sharks 2"]

1. e4 c5 2. Nc3 g6 3. d4 cxd4 4. Qxd4 Nf6 5. Bg5 Nc6 6. Qe3 Bg7 7. Be2 Qa5 8.
O-O-O h6 9. Bf4 d6 10. h4 Be6 11. Kb1 Rc8 12. Bf3 Nd7 13. Nge2 Nce5 14. Nd4 Nc4
15. Qc1 Nc5 16. Be2 Nxe4 17. Bxc4 Bxc4 18. Nb3 Bxb3 19. cxb3 Nxc3+ 20. bxc3
Rxc3 21. Qd2 Qf5+ 22. Kb2 Rc2+ 23. Ka3 Bb2+ 24. Ka4 b5+ 25. Ka5 Bc3+ 0-1

[Event "4NCL Division 2a"]
[Site "Birmingham, ENG"]
[Date "2016.03.19"]
[Round "7.246"]
[White "Varnam, Liam D"]
[Black "Wittmann, Jochen"]
[Result "0-1"]
[WhiteElo "2156"]
[BlackElo "2092"]
[PlyCount "66"]
[EventDate "2016.03.19"]
[WhiteTeam "Grantham Sharks 2"]
[BlackTeam "Kings Head"]

1. e4 e5 2. Nf3 Nc6 3. Bb5 f5 4. d3 fxe4 5. dxe4 Nf6 6. Qe2 Bc5 7. Bg5 Nd4 8.
Nxd4 Bxd4 9. c3 Bb6 10. f4 Qe7 11. fxe5 Qxe5 12. Bxf6 gxf6 13. Nd2 O-O 14. Nf3
Qf4 15. g3 Qh6 16. Nd4 d5 17. exd5 Bh3 18. Ne6 Rfe8 19. Bxe8 Rxe8 20. b4 c6 21.
c4 cxd5 22. cxd5 Bxe6 23. dxe6 f5 24. Kf1 Rxe6 25. Qxe6+ Qxe6 26. Kg2 Qe2+ 27.
Kh3 f4 28. Rhf1 f3 29. Rac1 Bf2 30. Ra1 Qe6+ 31. Kh4 Bd4 32. Rae1 Bf6+ 33. Kh5
Qf5+ 0-1

[Event "4NCL Division 2a"]
[Site "Birmingham, ENG"]
[Date "2016.03.19"]
[Round "7.247"]
[White "Disu, Kayode"]
[Black "Willis, Rupert"]
[Result "0-1"]
[WhiteElo "1945"]
[BlackElo "2153"]
[PlyCount "42"]
[EventDate "2016.03.19"]
[WhiteTeam "Kings Head"]
[BlackTeam "Grantham Sharks 2"]

1. d4 e6 2. c4 Nf6 3. g3 Bb4+ 4. Nd2 c5 5. a3 Bxd2+ 6. Qxd2 cxd4 7. Qxd4 Nc6 8.
Qc3 d5 9. cxd5 Qxd5 10. Nf3 O-O 11. Bg2 e5 12. O-O e4 13. Ng5 Nd4 14. Qd2 Qe5
15. Qd1 Rd8 16. Bf4 Qb5 17. Kh1 Bf5 18. e3 Nb3 19. Qb1 h6 20. Nxe4 Bxe4 21.
Bxe4 Nd2 0-1

[Event "4NCL Division 2a"]
[Site "Birmingham, ENG"]
[Date "2016.03.19"]
[Round "7.248"]
[White "Milson, Samuel A"]
[Black "Zhang, Harvey Y"]
[Result "1-0"]
[WhiteElo "2102"]
[BlackElo "1725"]
[PlyCount "99"]
[EventDate "2016.03.19"]
[WhiteTeam "Grantham Sharks 2"]
[BlackTeam "Kings Head"]

1. e4 c5 2. Nf3 Nc6 3. d4 cxd4 4. Nxd4 g6 5. c4 Nf6 6. Nc3 Bg7 7. Be3 Ng4 8.
Nxc6 Nxe3 9. Nxd8 Nxd1 10. Rxd1 Kxd8 11. c5 e6 12. Rd2 a6 13. Na4 Bf8 14. a3 b5
15. Nb6 Ra7 16. b4 Bg7 17. Rd3 f5 18. f3 Rc7 19. Be2 fxe4 20. fxe4 Bb7 21. O-O
Bxe4 22. Rdd1 Ke7 23. a4 bxa4 24. Bxa6 Bc3 25. Bb5 Bxb4 26. Nxd7 Bc6 27. Ne5
Bxc5+ 28. Kh1 Be8 29. Bxa4 Rf8 30. Rxf8 Kxf8 31. Rd8 Re7 32. Bxe8 Bb6 33. Nd7+
Rxd7 34. Rxd7 Kxe8 35. Rxh7 g5 36. g3 e5 37. Kg2 e4 38. Rh6 Bd8 39. Re6+ Kf7
40. Rxe4 Kg6 41. Kf3 Kf5 42. Rb4 Be7 43. Rb5+ Kg6 44. Kg4 Bd8 45. Rc5 Be7 46.
Rc6+ Bf6 47. Rb6 Kg7 48. Kf5 Bd8 49. Rb7+ Kf8 50. Rb8 1-0